[Event "Muensterland Regionalliga Gr2 2223"]
[Site "Germany"]
[Date "2022.09.03"]
[Round "1.5"]
[White "Borutta, Niklas"]
[Black "Boelker, Franz"]
[Result "1-0"]
[WhiteElo "2077"]
[BlackElo "1805"]
[PlyCount "83"]
[EventDate "2022.09.03"]
[EventType "team-tourn"]
[EventRounds "5"]
[EventCountry "GER"]
[SourceTitle "EXT 2024"]
[Source "ChessBase"]
[SourceDate "2023.10.10"]
[SourceVersion "1"]
[SourceVersionDate "2023.10.10"]
[SourceQuality "1"]
[WhiteTeam "Raesfeld Erle"]
[BlackTeam "Raesfeld Erle II"]
[WhiteTeamCountry "GER"]
[BlackTeamCountry "GER"]

1. c4 c6 2. g3 d5 3. Nf3 Nf6 4. Bg2 e6 5. 0-0 Be7 6. b3 0-0 7. Bb2 Nbd7 8. d3 Re8 9. Nbd2 Bf8 10. d4 Bd6 11. Rc1 Nf8 12. Ne5 N6d7 13. e4 Nxe5 14. dxe5 Bb4 15. exd5 exd5 16. cxd5 cxd5 17. Nb1 Be6 18. Qe2 Qd7 19. Rfd1 Rac8 20. Nc3 Bxc3 21. Rxc3 Rxc3 22. Bxc3 Ng6 23. Qe3 b6 24. Bb4 Rc8 25. Qd4 Bg4 26. Qxd5 Qxd5 27. Rxd5 Rc1+ 28. Bf1 h6 29. Kg2 Rc2 30. Bc4 Kh7 31. Bd6 Be6 32. Rd4 Bxc4 33. Rxc4 Rxa2 34. Rc7 Kg8 35. Rc8+ Kh7 36. Rc7 Kg8 37. Rb7 Rb2 38. b4 Ra2 39. h4 h5 40. Kf1 Nh8 41. f4 Kh7 42. f5 1-0

[Event "Muensterland Regionalliga 1819"]
[Site "Germany"]
[Date "2019.02.02"]
[Round "6.5"]
[White "Borutta, Niklas"]
[Black "Pinno, Gregor"]
[Result "1-0"]
[WhiteElo "2036"]
[BlackElo "1813"]
[PlyCount "87"]
[EventDate "2018.09.08"]
[EventType "team-tourn"]
[EventRounds "9"]
[EventCountry "GER"]
[SourceTitle "EXT 2020"]
[Source "ChessBase"]
[SourceDate "2019.10.17"]
[SourceVersion "1"]
[SourceVersionDate "2019.10.17"]
[SourceQuality "1"]
[WhiteTeam "Raesfeld Erle"]
[BlackTeam "Olfen"]
[WhiteTeamCountry "GER"]
[BlackTeamCountry "GER"]

1. d4 d5 2. Nf3 Nf6 3. c4 dxc4 4. g3 e6 5. Bg2 Be7 6. 0-0 0-0 7. Qc2 a6 8. Qxc4 b5 9. Qc2 Bb7 10. Bg5 Nbd7 11. Bxf6 Nxf6 12. Nbd2 Rc8 13. Nb3 Be4 14. Qc1 Qd5 15. Rd1 Qh5 16. Nc5 Bxf3 17. Bxf3 Ng4 18. Bxg4 Qxg4 19. e3 Bxc5 20. dxc5 c6 21. Rd6 Qf5 22. Qc3 h5 23. h4 Qf3 24. Rad1 Rfe8 25. R1d2 Kf8 26. Qa5 Qf5 27. b4 Kg8 28. a3 g5 29. hxg5 Qxg5 30. R2d4 e5 31. Rh4 Qf5 32. Qxa6 Qf3 33. Qb7 Red8 34. Qe7 Rxd6 35. Qxd6 Re8 36. Qd7 Kf8 37. Qd6+ Kg8 38. Qh6 Qd1+ 39. Kh2 Qf3 40. Kg1 Qd1+ 41. Kg2 Qd5+ 42. e4 Qe6 43. Rxh5 Qxh6 44. Rxh6 1-0

[Event "Muensterland Regionalliga 1819"]
[Site "Germany"]
[Date "2018.09.29"]
[Round "2.5"]
[White "Borutta, Niklas"]
[Black "Langhans, Joerg"]
[Result "1/2-1/2"]
[WhiteElo "2036"]
[BlackElo "1955"]
[PlyCount "107"]
[EventDate "2018.09.08"]
[EventType "team-tourn"]
[EventRounds "9"]
[EventCountry "GER"]
[SourceTitle "EXT 2020"]
[Source "ChessBase"]
[SourceDate "2019.10.17"]
[SourceVersion "1"]
[SourceVersionDate "2019.10.17"]
[SourceQuality "1"]
[WhiteTeam "Raesfeld Erle"]
[BlackTeam "Rheine Klein Berlin"]
[WhiteTeamCountry "GER"]
[BlackTeamCountry "GER"]

1. c4 e5 2. g3 Nf6 3. Bg2 c6 4. Nf3 e4 5. Nd4 d5 6. d3 Bb4+ 7. Bd2 Bxd2+ 8. Qxd2 0-0 9. cxd5 Qxd5 10. e3 Qe5 11. dxe4 Nxe4 12. Qc2 Qa5+ 13. Nd2 Qxd2+ 14. Qxd2 Nxd2 15. Kxd2 Na6 16. Rhc1 Bd7 17. a3 Rad8 18. b4 Nc7 19. Ke2 Rfe8 20. Nb3 Ne6 21. Nc5 Bc8 22. Rab1 h6 23. a4 Nd4+ 24. Kf1 Nf5 25. Nb3 Rd6 26. Rd1 Red8 27. Rxd6 Rxd6 28. Ke2 Be6 29. Na5 Bc8 30. Rc1 Ne7 31. b5 cxb5 32. axb5 Bd7 33. Nxb7 Bxb5+ 34. Ke1 Rd7 35. Ra1 Bc6 36. Nc5 Rc7 37. Bxc6 Nxc6 38. Kd2 Ne5 39. Nb3 Rb7 40. Kc3 Kf8 41. h3 Rc7+ 42. Kd4 f6 43. f4 Nc6+ 44. Kd3 Nb4+ 45. Ke2 Rc3 46. Nd4 a6 47. Ra4 Nd5 48. Rxa6 Rxe3+ 49. Kf2 Re4 50. Ne6+ Kf7 51. f5 g6 52. Nd8+ Kg7 53. Ne6+ Kf7 54. Nd8+ 1/2-1/2

[Event "Muensterland Regionalliga 1516"]
[Site "Germany"]
[Date "2015.12.05"]
[Round "4.6"]
[White "Janning, Rainer"]
[Black "Borutta, Niklas"]
[Result "1/2-1/2"]
[WhiteElo "1849"]
[BlackElo "2048"]
[PlyCount "54"]
[EventDate "2015.09.05"]
[EventType "team"]
[EventRounds "9"]
[EventCountry "GER"]
[SourceTitle "EXT 2017"]
[Source "ChessBase"]
[SourceDate "2016.10.25"]
[SourceVersion "1"]
[SourceVersionDate "2016.10.25"]
[SourceQuality "1"]
[WhiteTeam "Steinfurt"]
[BlackTeam "Raesfeld Erle"]
[WhiteTeamCountry "GER"]
[BlackTeamCountry "GER"]

1. f4 d5 2. e3 g6 3. Nf3 Bg7 4. d4 Nh6 5. Bd3 0-0 6. 0-0 Nf5 7. c3 Nd6 8. Nbd2 Nd7 9. e4 dxe4 10. Nxe4 Nxe4 11. Bxe4 c5 12. dxc5 Nxc5 13. Qxd8 Rxd8 14. Bc2 b6 15. Be3 Ba6 16. Rfd1 Be2 17. Rxd8+ Rxd8 18. Kf2 Ba6 19. Nd4 Rd7 20. Rd1 Bb7 21. g3 Ne4+ 22. Bxe4 Bxe4 23. Rd2 e5 24. Nb5 Rxd2+ 25. Bxd2 a6 26. Nd6 Bd5 27. c4 Be6 1/2-1/2

[Event "Muensterland Regionalliga 1415"]
[Site "Germany"]
[Date "2014.10.25"]
[Round "2.5"]
[White "Borutta, Niklas"]
[Black "Langhans, Joerg"]
[Result "1-0"]
[WhiteElo "1995"]
[BlackElo "1955"]
[PlyCount "87"]
[EventDate "2014.09.20"]
[EventType "team-tourn"]
[EventRounds "9"]
[EventCountry "GER"]
[SourceTitle "EXT 2016"]
[Source "ChessBase"]
[SourceDate "2015.10.08"]
[SourceVersion "1"]
[SourceVersionDate "2015.10.08"]
[SourceQuality "1"]
[WhiteTeam "Raesfeld Erle"]
[BlackTeam "Rheine Klein Berlin"]
[WhiteTeamCountry "GER"]
[BlackTeamCountry "GER"]

1. d4 Nf6 2. Nf3 e6 3. c4 b6 4. g3 Ba6 5. b3 Bb4+ 6. Bd2 Be7 7. Bg2 c6 8. 0-0 0-0 9. Bc3 d5 10. Nbd2 Nbd7 11. Re1 Rc8 12. e4 Nxe4 13. Nxe4 dxe4 14. Rxe4 Bf6 15. Rc1 c5 16. Re2 Bb7 17. h4 Rc7 18. Rd2 Qa8 19. Ne1 Bxg2 20. Nxg2 Bxd4 21. Bxd4 cxd4 22. Rxd4 Ne5 23. Rc3 b5 24. Qe2 Nc6 25. Rd6 Ne7 26. Ne3 Qe4 27. Qd3 Qe5 28. Rc2 bxc4 29. bxc4 Nd5 30. Nxd5 exd5 31. Rxd5 Qe7 32. Kh2 h6 33. Rd2 Rcc8 34. Rd7 Qc5 35. Qd4 Qc6 36. Rxa7 Rb8 37. Qd5 Qb6 38. Rd7 Qf6 39. c5 Qa1 40. c6 Qc1 41. c7 Rbc8 42. Qd6 Kh7 43. Rd8 Re8 44. Qd7 1-0

[Event "Muensterland Verbandsliga 1314"]
[Site "Germany"]
[Date "2013.09.07"]
[Round "1.4"]
[White "Lodde, Martin"]
[Black "Borutta, Niklas"]
[Result "1/2-1/2"]
[WhiteElo "1895"]
[BlackElo "2052"]
[PlyCount "50"]
[EventDate "2013.09.07"]
[EventType "team-tourn"]
[EventRounds "9"]
[EventCountry "GER"]
[SourceTitle "EXT 2015"]
[Source "ChessBase"]
[SourceDate "2014.11.20"]
[SourceVersion "1"]
[SourceVersionDate "2014.11.20"]
[SourceQuality "1"]
[WhiteTeam "Telgte"]
[BlackTeam "Raesfeld Erle"]
[WhiteTeamCountry "GER"]
[BlackTeamCountry "GER"]

1. d4 Nf6 2. Nf3 e6 3. g3 b6 4. Bg2 Bb7 5. 0-0 d5 6. b3 Bd6 7. Bb2 0-0 8. Ne5 c5 9. e3 Nbd7 10. Nd2 Rc8 11. Rc1 Qe7 12. Re1 Rfd8 13. Nxd7 Rxd7 14. Nf3 Rdc7 15. Ne5 cxd4 16. exd4 Ba6 17. c3 Nd7 18. Nxd7 Qxd7 19. Qd2 h6 20. h4 b5 21. b4 Bb7 22. a3 Bc6 23. Bh3 a5 24. Re3 Qd8 25. Rf3 Be8 1/2-1/2

[Event "Muensterland Verbandsklasse-A 1213"]
[Site "Germany"]
[Date "2013.02.16"]
[Round "6.3"]
[White "Bauland, Thomas"]
[Black "Borutta, Niklas"]
[Result "0-1"]
[WhiteElo "1918"]
[BlackElo "2009"]
[PlyCount "94"]
[EventDate "2012.09.15"]
[EventType "team-tourn"]
[EventRounds "9"]
[EventCountry "GER"]
[SourceTitle "EXT 2015"]
[Source "ChessBase"]
[SourceDate "2014.11.20"]
[SourceVersion "1"]
[SourceVersionDate "2014.11.20"]
[SourceQuality "1"]
[WhiteTeam "Ahaus Wessum"]
[BlackTeam "Heiden"]
[WhiteTeamCountry "GER"]
[BlackTeamCountry "GER"]

1. Nc3 d5 2. e4 d4 3. Nce2 e5 4. Ng3 Bd6 5. Nf3 Nc6 6. Bb5 Nge7 7. d3 0-0 8. 0-0 a6 9. Ba4 b5 10. Bb3 Na5 11. Bd2 Nxb3 12. axb3 f6 13. Nh4 Be6 14. Nhf5 Bxf5 15. Nxf5 Nxf5 16. exf5 Qd7 17. Qf3 c5 18. Ra2 Rfc8 19. Rfa1 Rc6 20. Ra5 Qc8 21. g4 Be7 22. h4 c4 23. Qd5+ Kh8 24. bxc4 bxc4 25. dxc4 Rxc4 26. Qf7 Rxc2 27. Rxa6 Rxa6 28. Rxa6 Rxd2 29. Qxe7 Rxb2 30. Rc6 Qa8 31. Qd7 Rb8 32. g5 Rd8 33. Qc7 fxg5 34. Ra6 Qc8 35. Qe7 Re8 36. Qf7 Rf8 37. Qe6 Qxe6 38. fxe6 gxh4 39. Ra5 g5 40. Rxe5 h6 41. f4 gxf4 42. Rh5 Kg7 43. Rxh4 d3 44. Rg4+ Kf6 45. Rxf4+ Ke7 46. Ra4 d2 47. Ra1 Rc8 0-1

[Event "Muensterland Verbandsklasse-A 1213"]
[Site "Germany"]
[Date "2012.12.15"]
[Round "4.4"]
[White "Miethe, Christoph"]
[Black "Borutta, Niklas"]
[Result "0-1"]
[WhiteElo "1641"]
[BlackElo "2009"]
[PlyCount "68"]
[EventDate "2012.09.15"]
[EventType "team-tourn"]
[EventRounds "9"]
[EventCountry "GER"]
[SourceTitle "EXT 2015"]
[Source "ChessBase"]
[SourceDate "2014.11.20"]
[SourceVersion "1"]
[SourceVersionDate "2014.11.20"]
[SourceQuality "1"]
[WhiteTeam "Neuenkirchen II"]
[BlackTeam "Heiden"]
[WhiteTeamCountry "GER"]
[BlackTeamCountry "GER"]

1. e4 c5 2. c3 Nf6 3. e5 Nd5 4. d4 cxd4 5. cxd4 d6 6. exd6 Qxd6 7. Nf3 Nc6 8. Nc3 Bg4 9. Be2 e6 10. 0-0 Be7 11. Nb5 Qd8 12. h3 Bf5 13. a3 a6 14. Nc3 0-0 15. Nxd5 Qxd5 16. Be3 Rfd8 17. Rc1 b5 18. Qd2 Rac8 19. Rfd1 Be4 20. b4 h6 21. Qb2 Bd6 22. Ne1 Ne7 23. Rxc8 Rxc8 24. Rc1 Rd8 25. Bf3 Bxf3 26. Nxf3 Qb7 27. Ne5 Nf5 28. Qc3 Bxe5 29. dxe5 Qd5 30. Bb6 Rd7 31. Qc8+ Kh7 32. Qxa6 Nh4 33. Kf1 Qxg2+ 34. Ke2 Qf3+ 0-1

[Event "Muensterland Verbandsliga 1112"]
[Site "Germany"]
[Date "2011.10.15"]
[Round "2.7"]
[White "Holtmannspoetter, Thomas"]
[Black "Borutta, Niklas"]
[Result "0-1"]
[WhiteElo "1669"]
[BlackElo "1894"]
[PlyCount "74"]
[EventDate "2011.09.24"]
[EventType "team-tourn"]
[EventRounds "9"]
[EventCountry "GER"]
[SourceTitle "EXT 2013"]
[Source "ChessBase"]
[SourceDate "2012.11.22"]
[SourceVersion "1"]
[SourceVersionDate "2012.11.22"]
[SourceQuality "1"]
[WhiteTeam "Ochtrup"]
[BlackTeam "Heiden"]
[WhiteTeamCountry "GER"]
[BlackTeamCountry "GER"]

1. e4 c5 2. Nf3 e6 3. d4 cxd4 4. Nxd4 Nc6 5. Nc3 Qc7 6. Ndb5 Qb8 7. a4 a6 8. Na3 Nf6 9. Be3 Bb4 10. f3 d5 11. exd5 Nxd5 12. Bd2 Nxc3 13. Bxc3 Qe5+ 14. Be2 Bxc3+ 15. bxc3 Qxc3+ 16. Kf1 0-0 17. Nc4 Rd8 18. Bd3 Nb4 19. Ke2 Nxd3 20. cxd3 Qd4 21. Rb1 b5 22. Nb2 Bb7 23. Re1 Bd5 24. Kf1 Ba2 25. Re4 Qc3 26. Qc1 Qb3 27. Ra1 Rac8 28. Qd1 Qxb2 29. Re2 Qc3 30. Rexa2 Rxd3 31. Qe2 b4 32. Rb1 a5 33. Rab2 g6 34. Rb3 Qxb3 35. Rxb3 Rxb3 36. Qe5 Rc2 37. Qe1 Rbc3 0-1

[Event "Dortmund Sparkassen op-B"]
[Site "Dortmund"]
[Date "2011.07.25"]
[Round "3"]
[White "Gefen, Daniel"]
[Black "Borutta, Niklas"]
[Result "1/2-1/2"]
[WhiteElo "1890"]
[BlackElo "1838"]
[PlyCount "37"]
[EventDate "2011.07.23"]
[EventType "swiss"]
[EventRounds "9"]
[EventCountry "GER"]
[SourceTitle "EXT 2013"]
[Source "ChessBase"]
[SourceDate "2012.11.22"]
[SourceVersion "1"]
[SourceVersionDate "2012.11.22"]
[SourceQuality "1"]

1. e4 c5 2. Nf3 e6 3. d4 cxd4 4. Nxd4 Nc6 5. Nc3 Qc7 6. Be2 a6 7. 0-0 Nf6 8. Be3 Bb4 9. f3 0-0 10. Nxc6 dxc6 11. Qe1 e5 12. a3 Be7 13. Bc4 b5 14. Ba2 Nh5 15. Rd1 Nf4 16. Ne2 Be6 17. Bxe6 Nxe6 18. Ng3 g6 19. Ne2 1/2-1/2